Представление документа в формате RUSMARC

ПолеНазваниеЗначение
  Тип записи a
  Библиографический уровень m
001 Контрольный номер RU/ГПНТБ России/IBIS/Мл 28.69/Б 89-474504997
005 Дата корректировки 20260416095243.0
010 Индекс ISBN __
a ISBN 978-5-389-07499-6
b Уточнения рус.
b Уточнения в пер.
d Цена 2312-70
010 Индекс ISBN __
a ISBN 978-1-78370-060-8
b Уточнения англ.
9 Тираж 3000 экз.
100 Данные общей обработки __
a Данные общей обработки 20260327d2025 d y0rusy028902 ca
101 Язык документа 1_
a Язык текста rus
c Язык оригинала eng
102 Страна публикации __
a Страна публикации RU
105 Кодированные данные (монография) __
a Кодированные данные (монография) a z 001yy
181 Поле кодированных данных: вид содержания _0
a Код вида содержания (ISBD) i
181 Поле кодированных данных: вид содержания _0
a Код вида содержания (ISBD) b
182 Поле кодированных данных: тип средства _0
a Код типа средства (ISBD) n
200 Заглавие и сведения об ответственности 1_
a Заглавие Анималиум
f Первые сведения об ответственности текст: Дженни Брум
g Последующие сведения об ответственности иллюстрации: Кейти Скотт
g Последующие сведения об ответственности перевод с английского: Юрий Амченков
203 Вид содержания и тип средства __
c Тип средства непосредственные
a Вид содержания Текст
a Вид содержания Изображение
b Характеристика содержания двухмерное
b Характеристика содержания неподвижное
210 Выходные данные 1_
a Место издания Москва
c Издательство Махаон
c Издательство Азбука-Аттикус
d Дата издания 2025
215 Физическое описание __
a Объем 98, [5] с.
c Иллюстрации/тип воспроизводства цв. ил.
d Формат 37 см
225 Серия 2_
a Серия Добро пожаловать в музей
300 Общие примечания __
a Общие примечания На обложке: Кураторы: Кейси Скотт и Дженни Брум
320 Библиография __
a Библиография Указатели русских и латинских названий в конце книги
330 Аннотация __
a Аннотация Добро пожаловать в наш «Анималиум». Этот постоянно открытый музей готов познакомить посетителей любого пола и возраста с удивительной коллекцией, включающей более 160 видов животных. Вы узнаете, как они эволюционировали, заглянете в анатомическую лабораторию и познакомитесь с разнообразнейшими местообитаниями нашей планеты… Заходите к нам и изучайте животный мир во всем его великолепии.
333 Примечание о целевом назначении __
a Примечание о целевом назначении 6+. Для детей старше шести лет
454 Оригинал _0
1 2001
a Animalium
606 Тематические рубрики __
a Основная рубрика Биология
2 Код системы nlr_sh
606 Тематические рубрики __
2 Код системы nlr_sh
a Основная рубрика Зоология в целом
610 Ключевые слова 1_
a Ключевые слова детская литература
610 Ключевые слова 1_
a Ключевые слова издания для детей
610 Ключевые слова 1_
a Ключевые слова познавательная литература
610 Ключевые слова 1_
a Ключевые слова виды животных
610 Ключевые слова 1_
a Ключевые слова эволюция
610 Ключевые слова 1_
a Ключевые слова места обитания
610 Ключевые слова 1_
a Ключевые слова занимательные факты
610 Ключевые слова 0_
a Ключевые слова беспозвоночные
610 Ключевые слова 0_
a Ключевые слова рыбы
610 Ключевые слова 0_
a Ключевые слова амфибии
610 Ключевые слова 0_
a Ключевые слова рептилии
610 Ключевые слова 0_
a Ключевые слова птицы
610 Ключевые слова 0_
a Ключевые слова млекопитающие
686 Индексы других классификаций __
2 Код системы rubbks
a Классификационный индекс ст28.69
700 Автор _1
a Фамилия Брум
b Имя Д.
g Полное личное имя Дженни
4 Код отношения 070
702 Вторичная интеллектуальная ответственность _1
a Фамилия Скотт
b Имя К.
g Полное личное имя Кейти
4 Код отношения 440
702 Вторичная интеллектуальная ответственность _1
a Фамилия Амченков
b Имя Ю. Л.
g Полное личное имя Юрий Л.
4 Код отношения 730
801 Источник записи _0
b Организация ГПНТБ России
a Страна RU
c Дата составления 20260327
g Правила каталогизации PSBO
801 Источник записи _1
b Организация ГПНТБ России
a Страна RU
c Дата составления 20260327
g Правила каталогизации PSBO
852 Данные о местонахождении 5_
j Шифр хранения ст28.69
i Авторский знак Б 89
900 Макрообъекты __
a Макрообъекты Анималиум.Брум, Д. , 2025
901 Тип документа __
a Ответственный ООФиК/Губина
t Тип документа m
901 Тип документа __
a Ответственный 4 партия
903 Характеристики (МАРС) __
a Дата передачи 20260410
c Наименование библиотеки (МАРС) Муниципальное бюджетное учреждение культуры "Централизованная библиотечная система" г. Сургут (Центральная городская библиотека им. А. С. Пушкина)
969 Тип издания __
a Тип издания издание для детей
a Тип издания справочное издание
a Тип издания научно-популярное издание
990 Данные о заказе (DOS) __
j Количество экземпляров (DOS) 5
t N записи в КСУ для И/У (DOS) 202604